[Event "29. Erfurter Schachfestival 2019 - Meis"]
[Site "Erfurt"]
[Date "2019.12.29"]
[Round "6.16"]
[White "Hartge, Gedeon"]
[Black "Niedzielski, Lars"]
[Result "1-0"]
[WhiteElo "2239"]
[BlackElo "1939"]
[PlyCount "55"]
[EventDate "2019.12.26"]

1. d4 d5 2. c4 e6 3. Nc3 Bb4 4. e3 Nf6 5. a3 Be7 6. Nf3 O-O 7. Bd3 b6 8. O-O
Bb7 9. cxd5 exd5 10. b4 a6 11. Qc2 Nbd7 12. Bb2 Bd6 13. b5 a5 14. a4 Qe7 15.
Qb3 Ne4 16. Nxd5 Qe6 17. Bc4 Qh6 18. h3 g5 19. Qd3 Ndf6 20. Nxf6+ Nxf6 21. d5
Bc8 22. Qd4 Be7 23. Qe5 Bxh3 24. gxh3 Qxh3 25. Qxg5+ Kh8 26. Bxf6+ Bxf6 27.
Qxf6+ Kg8 28. Nh2 1-0

[Event "29. Erfurter Schachfestival 2019 - Meis"]
[Site "Erfurt"]
[Date "2019.12.29"]
[Round "6.17"]
[White "Schupp, Uwe"]
[Black "Lagunow, Alexander"]
[Result "0-1"]
[WhiteElo "2098"]
[BlackElo "2374"]
[PlyCount "62"]
[EventDate "2019.12.26"]

1. g3 d5 2. Bg2 e5 3. d3 Bc5 4. a3 a5 5. Nf3 Qe7 6. e4 dxe4 7. dxe4 Nf6 8. Nc3
c6 9. h3 O-O 10. O-O Rd8 11. Qe2 Nbd7 12. Rd1 b5 13. Be3 Re8 14. Nh4 g6 15. Bg5
Nf8 16. Qf3 Kg7 17. Rd5 cxd5 18. Nxd5 Nxd5 19. Bxe7 Nxe7 20. Qb3 Bd7 21. Nf3 f6
22. Rd1 Rec8 23. g4 h6 24. Bf1 a4 25. Qd3 Ra7 26. Ne1 Ne6 27. Qg3 Nf4 28. h4 g5
29. hxg5 hxg5 30. Nd3 Nxd3 31. Rxd3 Ng6 0-1

[Event "29. Erfurter Schachfestival 2019 - Meis"]
[Site "Erfurt"]
[Date "2019.12.29"]
[Round "6.18"]
[White "Dehn, Marcus"]
[Black "Wichmann, Cliff"]
[Result "0-1"]
[WhiteElo "2110"]
[BlackElo "2298"]
[Annotator "Ruether,Rudolf"]
[PlyCount "80"]
[EventDate "2019.12.26"]

1. d4 d5 2. e3 c5 3. c3 Nf6 4. Nd2 cxd4 5. exd4 Nc6 6. Bd3 Bg4 7. Qb3 Qc7 8.
Ne2 e6 9. Nf1 Bd6 10. Nfg3 O-O 11. Bg5 Bxe2 12. Bxe2 Nd7 13. O-O Rab8 14. a4
Nb6 15. Bc1 Bf4 16. a5 Nc8 17. Bxf4 Qxf4 18. Qa4 Qc7 19. f4 f5 20. Bb5 Nd6 21.
Bxc6 bxc6 22. b4 Qb7 23. Qd1 Qb5 24. Ra2 Rf6 25. a6 {(=)} Qc4 26. Qa1 h6 27. h4
Rg6 28. Rf3 Rg4 29. Ra5 Rb6 30. Nf1 Qe2 31. Rf2 Qd3 32. Rd2 Qe4 33. Qd1 Nc4 34.
g3 Nxa5 35. Re2 Qf3 36. Qe1 Nc4 37. Rf2 Rxg3+ 38. Nxg3 Qxg3+ 39. Kf1 Ne3+ 40.
Ke2 Ng4 0-1

[Event "29. Erfurter Schachfestival 2019 - Meis"]
[Site "Erfurt"]
[Date "2019.12.29"]
[Round "6.19"]
[White "Heyder, Florian"]
[Black "Popist, Florian"]
[Result "1-0"]
[WhiteElo "2205"]
[BlackElo "2076"]
[PlyCount "67"]
[EventDate "2019.12.26"]

1. d4 d5 2. c4 e6 3. Nc3 Be7 4. Nf3 Nf6 5. e3 O-O 6. Bd3 b6 7. O-O dxc4 8. Bxc4
Bb7 9. b3 c5 10. Bb2 cxd4 11. Nxd4 Nc6 12. Nxc6 Bxc6 13. Qe2 Bc5 14. Rfd1 Qe7
15. e4 Rfd8 16. e5 Ne8 17. Ne4 Ba3 18. Bc3 Bb4 19. Bd4 Bd5 20. Bb5 a6 21. Bc4
b5 22. Bxd5 Rxd5 23. Bb2 Rad8 24. Rxd5 Rxd5 25. h3 Ba5 26. Rc1 h6 27. Rc6 Bc7
28. f4 a5 29. Qc2 Qd7 30. Kh2 f5 31. exf6 gxf6 32. Nxf6+ Nxf6 33. Rxc7 Qd6 34.
Qg6+ 1-0

[Event "29. Erfurter Schachfestival 2019 - Meis"]
[Site "Erfurt"]
[Date "2019.12.29"]
[Round "6.20"]
[White "Köhler, Lukas"]
[Black "Zhukov, Anton"]
[Result "0-1"]
[WhiteElo "2071"]
[BlackElo "2190"]
[PlyCount "78"]
[EventDate "2019.12.26"]

1. e4 c5 2. Nf3 d6 3. d4 cxd4 4. Nxd4 Nf6 5. f3 e5 6. Nb3 Be6 7. c4 Nbd7 8. Be3
Be7 9. Nc3 O-O 10. Bd3 b6 11. O-O Rc8 12. Nd5 Bxd5 13. cxd5 Nc5 14. Qd2 Nfd7
15. Rfc1 a5 16. Bb5 f5 17. Bxd7 Qxd7 18. Nxc5 dxc5 19. Qe2 f4 20. Bf2 Bd6 21.
a3 g5 22. b4 cxb4 23. axb4 axb4 24. Bxb6 b3 25. Rcb1 Rc3 26. h3 Rfc8 27. Ra7
Qe8 28. Kh2 g4 29. fxg4 f3 30. Qd2 Qg6 31. Ra8 Rxa8 32. Qxc3 Qxe4 33. Qxb3 Qf4+
34. Kg1 e4 35. gxf3 Qg3+ 36. Kf1 exf3 37. Qe3 Qg2+ 38. Ke1 f2+ 39. Qxf2 Bg3 0-1

[Event "29. Erfurter Schachfestival 2019 - Meis"]
[Site "Erfurt"]
[Date "2019.12.29"]
[Round "6.21"]
[White "Sobolevsky, Leonid"]
[Black "Rensch, Toralf"]
[Result "1-0"]
[WhiteElo "2178"]
[BlackElo "2103"]
[PlyCount "57"]
[EventDate "2019.12.26"]

1. e4 c6 2. d4 d5 3. e5 Bf5 4. Nc3 e6 5. g4 Bg6 6. Nge2 c5 7. h4 cxd4 8. h5
Bxc2 9. Qxc2 dxc3 10. Nxc3 Ne7 11. Qb3 Qc7 12. Nb5 Qxe5+ 13. Be2 Nbc6 14. Qa4
Qb8 15. Bf4 e5 16. Bg3 a6 17. Nc3 b5 18. Qd1 d4 19. Nxb5 axb5 20. Rc1 f5 21.
Bf3 Ra6 22. gxf5 Qd6 23. Qd3 Kd7 24. O-O g6 25. Qxb5 Ra7 26. Bxc6+ Nxc6 27.
Bxe5 Qxe5 28. Qxc6+ Ke7 29. Rfe1 1-0

[Event "29. Erfurter Schachfestival 2019 - Meis"]
[Site "Erfurt"]
[Date "2019.12.29"]
[Round "6.22"]
[White "Wolf, Andreas"]
[Black "Ruppert, Wolfgang"]
[Result "1/2-1/2"]
[WhiteElo "2056"]
[BlackElo "2169"]
[PlyCount "139"]
[EventDate "2019.12.26"]

1. d4 d5 2. Nf3 e6 3. c4 c6 4. g3 f5 5. Bg2 Nf6 6. O-O Bd6 7. Nc3 O-O 8. Ng5 h6
9. Nh3 Nbd7 10. Qb3 Qb6 11. Qd1 dxc4 12. Qc2 Qc7 13. Nf4 Re8 14. e4 e5 15. dxe5
Nxe5 16. exf5 Nd3 17. Ne4 Nxf4 18. Nxf6+ gxf6 19. Bxf4 Bxf4 20. Qxc4+ Kg7 21.
Qxf4 Qxf4 22. gxf4 Bxf5 23. Rfe1 Rad8 24. Rxe8 Rxe8 25. Bf3 Bh3 26. Bg2 Bxg2
27. Kxg2 Re2 28. Rb1 Kg6 29. Kf3 Rc2 30. a4 Kf5 31. b4 Rc3+ 32. Kg2 Kxf4 33. b5
c5 34. b6 a6 35. Rd1 Rb3 36. a5 Rb5 37. Rd7 Rxa5 38. Rxb7 Rb5 39. Rc7 Rxb6 40.
Rxc5 f5 41. Ra5 Rg6+ 42. Kf1 h5 43. h3 Ke4 44. Ke2 Kf4 45. Ra4+ Ke5 46. Ra5+
Kf4 47. Ra4+ Ke5 48. Ra5+ Kd4 49. Rxf5 Re6+ 50. Kd2 Re5 51. Rf4+ Kc5 52. Kc3 a5
53. Kb3 Kb5 54. Rf8 Kc5 55. Kc3 Kd5 56. Kd3 Ke6 57. f4 Rb5 58. Ke4 Rb4+ 59. Kf3
Rb3+ 60. Ke4 Rb4+ 61. Kf3 Rb3+ 62. Ke4 Rxh3 63. Ra8 Ra3 64. Ra6+ Ke7 65. Rh6
Ra1 66. Rxh5 a4 67. Ra5 a3 68. Ke5 Kd7 69. Kf6 a2 70. Kf7 1/2-1/2

[Event "29. Erfurter Schachfestival 2019 - Meis"]
[Site "Erfurt"]
[Date "2019.12.29"]
[Round "6.23"]
[White "Lochte, Thomas"]
[Black "Wiley, Tom E"]
[Result "1/2-1/2"]
[WhiteElo "2014"]
[BlackElo "2159"]
[PlyCount "43"]
[EventDate "2019.12.26"]

1. e4 c5 2. d4 cxd4 3. c3 dxc3 4. Nxc3 Nc6 5. Nf3 d6 6. Bc4 a6 7. O-O Nf6 8.
Bf4 Bg4 9. h3 Bxf3 10. Qxf3 e6 11. Rfd1 Qb8 12. Rac1 Be7 13. Na4 Nd7 14. Qg3
O-O 15. Rxd6 Bxd6 16. Bxd6 Qd8 17. Bxf8 Nxf8 18. Qe3 Qc7 19. Bb3 Rd8 20. f4 Qe7
21. Qc5 Qf6 22. Rf1 1/2-1/2

[Event "29. Erfurter Schachfestival 2019 - Meis"]
[Site "Erfurt"]
[Date "2019.12.29"]
[Round "6.24"]
[White "Hillmann, Michael"]
[Black "Schmid, Anton"]
[Result "1-0"]
[WhiteElo "2144"]
[BlackElo "1783"]
[PlyCount "45"]
[EventDate "2019.12.26"]

1. Nf3 c5 2. c4 Nc6 3. Nc3 g6 4. g3 Bg7 5. Bg2 e6 6. O-O Nge7 7. d3 O-O 8. Bd2
d5 9. a3 dxc4 10. dxc4 Na5 11. b3 Nec6 12. Rb1 b6 13. Qc1 Bb7 14. Rd1 Nd4 15.
Nxd4 cxd4 16. Ne4 Qc7 17. Bh6 Qe5 18. Bf4 Qxe4 19. Bxe4 Bxe4 20. Rb2 Rac8 21.
Bh6 Rfd8 22. Bxg7 Kxg7 23. Qf4 1-0

[Event "29. Erfurter Schachfestival 2019 - Meis"]
[Site "Erfurt"]
[Date "2019.12.29"]
[Round "6.25"]
[White "Rahimi, Rahim"]
[Black "Cordes, Klaus"]
[Result "1/2-1/2"]
[WhiteElo "1945"]
[BlackElo "2118"]
[Annotator "Ruether,Rudolf"]
[PlyCount "99"]
[EventDate "2019.12.26"]

1. Nf3 Nf6 2. d4 g6 3. c3 Bg7 4. h3 O-O 5. Bf4 d6 6. Nbd2 c5 7. e3 b6 8. a4 a6
9. Be2 Bb7 10. O-O Nbd7 11. Qb3 cxd4 12. exd4 e5 13. dxe5 dxe5 14. Bg5 h6 15.
Bxf6 Bxf6 16. Nc4 Qc7 17. Rad1 Rab8 18. Nd6 Nc5 19. Qc2 e4 20. Ne1 Bc6 21. b3
b5 22. axb5 axb5 23. c4 b4 24. f3 e3 25. Ne4 Nxe4 26. fxe4 Qe7 27. Bf3 Be5 28.
Qe2 Qg5 29. Nd3 Bc3 30. e5 Bxf3 31. Rxf3 Bd2 32. Nc5 Rbd8 33. Ne4 Qxe5 34. Nxd2
Rxd2 35. Rxd2 exd2 36. Qxd2 Ra8 37. Qf4 Ra1+ 38. Kh2 Qxf4+ 39. Rxf4 Rb1 {(=)}
40. Rf3 f5 41. Rd3 Kf7 42. Kg3 Ke6 43. Kf3 g5 44. Kg3 Ke5 45. Kf3 Rb2 46. g4 f4
47. Rd5+ Kf6 48. Rd3 Rc2 49. Ke4 Rc3 50. Rf3 1/2-1/2

[Event "29. Erfurter Schachfestival 2019 - Meis"]
[Site "Erfurt"]
[Date "2019.12.29"]
[Round "6.26"]
[White "Röhr, Oliver"]
[Black "Behrens, Harald"]
[Result "1/2-1/2"]
[WhiteElo "2028"]
[BlackElo "2222"]
[PlyCount "75"]
[EventDate "2019.12.26"]

1. e4 e6 2. d4 d5 3. Nd2 c5 4. exd5 exd5 5. Ngf3 Nc6 6. dxc5 Bxc5 7. Nb3 Bd6 8.
Be2 Nge7 9. O-O O-O 10. Nbd4 Re8 11. a3 a6 12. c4 Nxd4 13. Qxd4 Nf5 14. Qd1
dxc4 15. Bxc4 Qc7 16. Ba2 Be6 17. h3 Rad8 18. Bxe6 Bh2+ 19. Nxh2 Rxd1 20. Bxf5
Ree1 21. Bf4 Rxf1+ 22. Nxf1 Rxf1+ 23. Rxf1 Qxf4 24. Bg4 g6 25. Re1 Kg7 26. b4
b6 27. Re3 Qd4 28. Be2 b5 29. g4 f5 30. gxf5 gxf5 31. Bf1 Kf6 32. Bg2 f4 33.
Rf3 Kg5 34. Kh2 Kf5 35. Bh1 Qd1 36. Bg2 Ke4 37. Re3+ Kd4 38. Rf3 1/2-1/2

[Event "29. Erfurter Schachfestival 2019 - Meis"]
[Site "Erfurt"]
[Date "2019.12.29"]
[Round "6.27"]
[White "Walther, Andi"]
[Black "Schmitt, Michael"]
[Result "1/2-1/2"]
[WhiteElo "2180"]
[BlackElo "2025"]
[PlyCount "41"]
[EventDate "2019.12.26"]

1. d4 e6 2. c4 d5 3. Nf3 c5 4. cxd5 exd5 5. Nc3 Nc6 6. g3 Nf6 7. Bg2 Be7 8. O-O
O-O 9. Bg5 cxd4 10. Nxd4 h6 11. Be3 Bg4 12. h3 Be6 13. Rc1 Qd7 14. Kh2 Rab8 15.
Nxc6 bxc6 16. Na4 Rfe8 17. b3 Ba3 18. Rc3 Bb4 19. Rc1 Ba3 20. Rc3 Bb4 21. Rc1
1/2-1/2

[Event "29. Erfurter Schachfestival 2019 - Meis"]
[Site "Erfurt"]
[Date "2019.12.29"]
[Round "6.28"]
[White "Hundack, Rolf"]
[Black "Petri, Wolfgang"]
[Result "1-0"]
[WhiteElo "2163"]
[BlackElo "2023"]
[PlyCount "37"]
[EventDate "2019.12.26"]

1. c4 b6 2. Nf3 Nf6 3. g3 e6 4. Bg2 Bb7 5. O-O Be7 6. Nc3 O-O 7. Qc2 d5 8. d4
Nbd7 9. Ne5 c5 10. cxd5 exd5 11. Nxd7 Qxd7 12. Rd1 cxd4 13. Rxd4 Rac8 14. Qd3
Bc5 15. Rh4 d4 16. Bxb7 Qxb7 17. Bg5 dxc3 18. Bxf6 h6 19. Rg4 1-0

[Event "29. Erfurter Schachfestival 2019 - Meis"]
[Site "Erfurt"]
[Date "2019.12.29"]
[Round "6.29"]
[White "Schlick, Stefan"]
[Black "Jedinger, Andreas"]
[Result "1/2-1/2"]
[WhiteElo "1997"]
[BlackElo "2117"]
[PlyCount "66"]
[EventDate "2019.12.26"]

1. d4 Nf6 2. c4 g6 3. Nc3 Bg7 4. Nf3 O-O 5. e4 d6 6. Be2 e5 7. O-O exd4 8. Nxd4
Re8 9. f3 c6 10. Nb3 a5 11. Rb1 a4 12. Na1 a3 13. b4 Nh5 14. Rb3 Nd7 15. Nc2
Nf8 16. g3 Bh3 17. Rf2 Ne6 18. f4 Nf6 19. Bxa3 h5 20. Ne3 Nxe4 21. Nxe4 Nd4 22.
Ng5 Nxb3 23. Qxb3 Rxa3 24. Qxa3 Bd4 25. Nxh3 Rxe3 26. Qc1 Re4 27. Kf1 Bxf2 28.
Nxf2 Re6 29. Qd2 Qe7 30. Nd3 Re4 31. Nf2 Re3 32. Nd3 Re4 33. Nf2 Re3 1/2-1/2

[Event "29. Erfurter Schachfestival 2019 - Meis"]
[Site "Erfurt"]
[Date "2019.12.29"]
[Round "6.30"]
[White "Stabolewski, Andreas"]
[Black "Guenther, Thomas"]
[Result "1/2-1/2"]
[WhiteElo "2092"]
[BlackElo "1980"]
[PlyCount "29"]
[EventDate "2019.12.26"]

1. Nf3 Nf6 2. c4 e6 3. g3 b6 4. Bg2 Bb7 5. O-O Be7 6. Nc3 O-O 7. Re1 d5 8. cxd5
Nxd5 9. d4 Nxc3 10. bxc3 Nd7 11. e4 c5 12. Rb1 cxd4 13. cxd4 Nf6 14. Ne5 Nd7
15. Nf3 1/2-1/2

[Event "29. Erfurter Schachfestival 2019 - Meis"]
[Site "Erfurt"]
[Date "2019.12.29"]
[Round "6.31"]
[White "Böhm, Christian"]
[Black "Krause, Maximilian"]
[Result "1/2-1/2"]
[WhiteElo "2090"]
[BlackElo "1992"]
[PlyCount "60"]
[EventDate "2019.12.26"]

1. Nf3 Nf6 2. g3 e6 3. Bg2 Be7 4. O-O O-O 5. d3 d5 6. Nbd2 b6 7. e4 dxe4 8.
dxe4 Bb7 9. e5 Nfd7 10. Re1 Nc5 11. Qe2 Nc6 12. Qc4 a5 13. Qg4 Nb4 14. Nb3 f5
15. exf6 Rxf6 16. Nxc5 Bxc5 17. Bg5 Rg6 18. Rad1 Qf8 19. Qf4 Nxc2 20. Re2 h6
21. Rxc2 hxg5 22. Qxf8+ Bxf8 23. Ne5 Bxg2 24. Nxg6 Be4 25. Nxf8 Bxc2 26. Rd2
Rxf8 27. Rxc2 c5 28. Rd2 Kf7 29. Rd7+ Kf6 30. Rb7 Rd8 1/2-1/2

[Event "29. Erfurter Schachfestival 2019 - Meis"]
[Site "Erfurt"]
[Date "2019.12.29"]
[Round "6.32"]
[White "Greiner, Timo"]
[Black "Brendel, Bergit"]
[Result "0-1"]
[WhiteElo "2086"]
[BlackElo "1970"]
[PlyCount "158"]
[EventDate "2019.12.26"]

1. e4 Nf6 2. e5 Nd5 3. d4 d6 4. Nf3 dxe5 5. Nxe5 c6 6. Bc4 Nd7 7. Nf3 g6 8. O-O
Bg7 9. h3 O-O 10. Re1 N7b6 11. Bb3 Bf5 12. Bg5 h6 13. Bh4 a5 14. a4 Nf6 15.
Nbd2 Nbd5 16. g4 Be6 17. Ne5 Nf4 18. Bxe6 fxe6 19. Bg3 Nxh3+ 20. Kg2 Ng5 21. f4
Nf7 22. Nxg6 Re8 23. c3 c5 24. Qb3 cxd4 25. cxd4 Ra6 26. Rxe6 Nxg4 27. Rae1
Rxe6 28. Qxe6 Qxd4 29. Nxe7+ Rxe7 30. Qxe7 Qxd2+ 31. Re2 Qd5+ 32. Kh3 h5 33.
Qe8+ Bf8 34. Qe4 Qxe4 35. Rxe4 Nd6 36. Re6 Kf7 37. f5 Nxf5 38. Rb6 Nxg3 39.
Kxg3 Ne5 40. Kh4 Bb4 41. Kxh5 Ke7 42. Rxb7+ Kd6 43. Kg5 Nc4 44. b3 Nd2 45. Kf4
Nxb3 46. Ke3 Kd5 47. Ke2 Nc5 48. Rh7 Kc4 49. Kd1 Kb3 50. Kc1 Nxa4 51. Kd1 Nc3+
52. Kc1 a4 53. Ra7 a3 54. Rxa3+ Bxa3+ 55. Kd2 Kc4 56. Ke3 Bd6 57. Kf3 Kd3 58.
Kf2 Ke4 59. Kg2 Nd1 60. Kf1 Kf3 61. Kg1 Nf2 62. Kf1 Bh2 63. Ke1 Ne4 64. Kd1 Ke3
65. Kc2 Nd2 66. Kc3 Bd6 67. Kc2 Be5 68. Kd1 Kd3 69. Ke1 Bg3+ 70. Kd1 Nc4 71.
Kc1 Bh4 72. Kd1 Nb2+ 73. Kc1 Kc3 74. Kb1 Bg5 75. Ka2 Nc4 76. Kb1 Kb3 77. Ka1
Bf4 78. Kb1 Na3+ 79. Ka1 Be5# 0-1

[Event "29. Erfurter Schachfestival 2019 - Meis"]
[Site "Erfurt"]
[Date "2019.12.29"]
[Round "6.33"]
[White "Scheitz, Michael"]
[Black "Tenold, Andreas"]
[Result "0-1"]
[WhiteElo "2084"]
[BlackElo "1926"]
[PlyCount "70"]
[EventDate "2019.12.26"]

1. c4 e5 2. Nc3 Nf6 3. Nf3 Nc6 4. e3 Bb4 5. Qc2 Bxc3 6. Qxc3 Qe7 7. d4 Ne4 8.
Qd3 exd4 9. Nxd4 O-O 10. Be2 Qb4+ 11. Kf1 Qe7 12. f3 Nc5 13. Qc3 d6 14. b4 Na4
15. Nxc6 bxc6 16. Qc2 Nb6 17. Bd3 h6 18. Bd2 Be6 19. e4 d5 20. exd5 cxd5 21. c5
Nc4 22. Rc1 a5 23. Bxc4 dxc4 24. a3 Rfd8 25. Qe4 Qd7 26. Bc3 axb4 27. Bxb4 Bf5
28. Qf4 g5 29. Qe5 Re8 30. Qc3 Bd3+ 31. Kf2 Re2+ 32. Kg3 Qf5 33. Qd4 Re4 34.
fxe4 Qf4+ 35. Kh3 Qh4# 0-1

[Event "29. Erfurter Schachfestival 2019 - Meis"]
[Site "Erfurt"]
[Date "2019.12.29"]
[Round "6.35"]
[White "Nicolai, Tim"]
[Black "Barthel, Ansgar"]
[Result "0-1"]
[WhiteElo "1913"]
[BlackElo "2052"]
[PlyCount "146"]
[EventDate "2019.12.26"]

1. e4 Nf6 2. e5 Nd5 3. d4 d6 4. Bc4 c6 5. exd6 Qxd6 6. Nf3 Bg4 7. h3 Bh5 8. O-O
e6 9. Nc3 Nxc3 10. bxc3 Be7 11. a4 O-O 12. Re1 Qc7 13. Re5 Bg6 14. Ng5 Nd7 15.
Nxe6 fxe6 16. Rxe6 Bf7 17. Rxe7 Bxc4 18. Qg4 Rf7 19. Rxf7 Bxf7 20. Bf4 Qc8 21.
Re1 Nf6 22. Qg5 h6 23. Qh4 Qf5 24. Be5 Re8 25. Re3 Nd7 26. Rf3 Qxc2 27. Bxg7
Qc1+ 28. Kh2 Qg5 29. Qxh6 Qxh6 30. Bxh6 Re6 31. Rg3+ Rg6 32. Bg5 Nf8 33. f4 Nh7
34. h4 Nxg5 35. hxg5 Be6 36. Re3 a5 37. Kg3 b5 38. Re5 Bc4 39. Kh4 Re6 40. Rc5
Be2 41. g4 Re4 42. Kg3 Re6 43. Kh4 Re4 44. Kg3 bxa4 45. Rxa5 Bd1 46. Ra7 Re3+
47. Kh4 Rf3 48. f5 Rf4 49. Kh5 Bxg4+ 50. Kh6 Bxf5 51. Ra8+ Kf7 52. Ra7+ Ke6 53.
Rxa4 Rh4+ 54. Kg7 Rh7+ 55. Kg8 Rh5 56. c4 Rxg5+ 57. Kf8 Be4 58. Ra6 Kd6 59. Kf7
Rf5+ 60. Kg7 Rf2 61. d5 Bxd5 62. cxd5 Kxd5 63. Ra8 c5 64. Rd8+ Kc4 65. Kg6 Kc3
66. Kg5 c4 67. Kg4 Kc2 68. Kg3 Rf7 69. Kg4 c3 70. Kg3 Kc1 71. Kg4 c2 72. Kg3
Rb7 73. Kf2 Kb2 0-1

[Event "29. Erfurter Schachfestival 2019 - Meis"]
[Site "Erfurt"]
[Date "2019.12.29"]
[Round "6.36"]
[White "King, Alexander"]
[Black "Reucker, Friedrich"]
[Result "1/2-1/2"]
[WhiteElo "2052"]
[BlackElo "1945"]
[PlyCount "44"]
[EventDate "2019.12.26"]

1. Nf3 d5 2. e3 Nf6 3. c4 e6 4. b3 c5 5. Bb2 Nc6 6. cxd5 exd5 7. Be2 d4 8. exd4
cxd4 9. Bb5 Bc5 10. O-O O-O 11. d3 Bg4 12. Bxc6 bxc6 13. Nbd2 Rc8 14. Qc2 Bb6
15. Ne5 Qd5 16. Nxg4 Nxg4 17. Nf3 Rfe8 18. Rfe1 Ne5 19. Nxe5 Rxe5 20. Rxe5 Qxe5
21. Rc1 Re8 22. g3 Re6 1/2-1/2

[Event "29. Erfurter Schachfestival 2019 - Meis"]
[Site "Erfurt"]
[Date "2019.12.29"]
[Round "6.37"]
[White "Schuffenhauer, Robert"]
[Black "Haack, Kevin"]
[Result "0-1"]
[WhiteElo "1905"]
[BlackElo "2042"]
[Annotator "Ruether,Rudolf"]
[PlyCount "80"]
[EventDate "2019.12.26"]

1. d4 d5 2. c4 e6 3. Nf3 Nf6 4. e3 Be7 5. b3 O-O 6. Bb2 Nbd7 7. Nc3 b6 8. Bd3
Bb7 9. O-O c5 10. cxd5 cxd4 11. Nxd4 Nxd5 12. Nxd5 Bxd5 13. Qc2 g6 14. Nc6 Bxc6
15. Qxc6 Rc8 16. Qf3 Nc5 17. Bc4 Qc7 18. Rac1 Qc6 19. Qh3 Rfd8 20. Ba6 Ra8 21.
Be2 Qe8 22. Bd4 Rac8 23. b4 Ne4 24. Qh6 Bf6 25. Bxf6 {(=)} Nxf6 26. Qg5 Nd5 27.
a3 Qa4 28. e4 f6 29. Qg4 Nc7 30. Qg3 Nb5 31. Rxc8 Rxc8 32. Qd3 Nc3 33. Bd1 Qb5
34. Qf3 Qe5 35. Re1 Nb5 36. Ba4 Nd4 37. Qd3 Rc3 38. Qd2 Rxa3 39. f4 Qd6 40. e5
Nf3+ 0-1

[Event "29. Erfurter Schachfestival 2019 - Meis"]
[Site "Erfurt"]
[Date "2019.12.29"]
[Round "6.41"]
[White "Schönfeld, Volker"]
[Black "Fichtner, Ewald"]
[Result "0-1"]
[WhiteElo "1968"]
[BlackElo "2055"]
[PlyCount "64"]
[EventDate "2019.12.26"]

1. e4 c6 2. c4 d5 3. exd5 cxd5 4. cxd5 Nf6 5. Qa4+ Nbd7 6. Nc3 g6 7. Bc4 Bg7 8.
Nf3 O-O 9. d3 a6 10. O-O Rb8 11. Qa3 b5 12. Bf4 Rb7 13. d6 e6 14. b4 bxc4 15.
dxc4 Nh5 16. Be3 Ne5 17. Nxe5 Bxe5 18. c5 Rb8 19. f4 Bg7 20. Rac1 Bb7 21. Na4
Qd7 22. Nb6 Qc6 23. Rf2 Nf6 24. Nc4 Qe4 25. Nd2 Qd5 26. Nf3 Ng4 27. Rd2 Qe4 28.
Re1 Nxe3 29. Rxe3 Qxf4 30. Rc2 Bxf3 31. Rxf3 Qd4+ 32. Kf1 Qd1+ 0-1

[Event "29. Erfurter Schachfestival 2019 - Meis"]
[Site "Erfurt"]
[Date "2019.12.29"]
[Round "6.42"]
[White "Sauer, Marko"]
[Black "Hansson, Hakan"]
[Result "1-0"]
[WhiteElo "2053"]
[BlackElo "1961"]
[PlyCount "75"]
[EventDate "2019.12.26"]

1. e4 c6 2. d4 d5 3. Nc3 g6 4. Be3 Bg7 5. Be2 h5 6. h3 e6 7. Qd2 Nd7 8. f4 f5
9. e5 b6 10. Nf3 a5 11. a4 Ba6 12. Ng5 Qe7 13. Bf2 Bxe2 14. Nxe2 Nf8 15. O-O
Nh7 16. Rfc1 Nxg5 17. fxg5 Qd7 18. b4 Bf8 19. Nf4 Kf7 20. bxa5 Rxa5 21. c4 dxc4
22. Rxc4 Rxe5 23. Qc2 Re4 24. Rxc6 Bd6 25. Nd3 Ne7 26. Rxb6 Rc8 27. Qb2 Qc7 28.
Rc1 Qd8 29. Rxc8 Nxc8 30. Rb7+ Ne7 31. Nc5 Bxc5 32. dxc5 e5 33. Qb3+ Kg7 34.
Qe6 Kf8 35. c6 Re2 36. Rd7 Qe8 37. Bc5 Re1+ 38. Kf2 1-0

[Event "29. Erfurter Schachfestival 2019 - Meis"]
[Site "Erfurt"]
[Date "2019.12.29"]
[Round "6.43"]
[White "Reitz, Theresa"]
[Black "Easwaralingam, Adesh"]
[Result "0-1"]
[WhiteElo "1961"]
[BlackElo "2045"]
[PlyCount "80"]
[EventDate "2019.12.26"]

1. Nf3 Nf6 2. g3 d5 3. Bg2 e6 4. O-O Be7 5. d4 O-O 6. c4 dxc4 7. Qc2 a6 8. a4
Bd7 9. Nc3 Bc6 10. Rd1 Nbd7 11. Bg5 b5 12. Bxf6 Nxf6 13. Ne5 Bxg2 14. Kxg2 Qb8
15. f3 Qb7 16. e4 Rfd8 17. Ne2 Nd7 18. Nxd7 Rxd7 19. Nf4 c6 20. d5 cxd5 21.
axb5 axb5 22. Rxa8+ Qxa8 23. exd5 Qa4 24. Qc1 g5 25. Ne2 Bf6 26. Nc3 Bxc3 27.
bxc3 h6 28. d6 Qa8 29. h3 Qc6 30. Qd2 Qc5 31. Kh2 Qe5 32. Kg2 Kf8 33. h4 f6 34.
hxg5 hxg5 35. Kf2 Ke8 36. Qb2 Rh7 37. Kg2 Qf5 38. Kg1 Qxf3 39. Qxb5+ Kf8 40.
Qb8+ Kg7 0-1

[Event "29. Erfurter Schachfestival 2019 - Meis"]
[Site "Erfurt"]
[Date "2019.12.29"]
[Round "6.44"]
[White "Reinecke, Katharina"]
[Black "Kroneder, Christian"]
[Result "0-1"]
[WhiteElo "1936"]
[BlackElo "2045"]
[PlyCount "62"]
[EventDate "2019.12.26"]

1. d4 d5 2. Nf3 Nf6 3. g3 c6 4. Bg2 Bg4 5. O-O Nbd7 6. b3 e6 7. Nbd2 Be7 8. Bb2
O-O 9. c4 Rc8 10. Re1 h6 11. Nh4 Nh7 12. h3 Bh5 13. Nhf3 f5 14. Ne5 Nxe5 15.
dxe5 Bc5 16. Qc2 Qb6 17. e3 Ng5 18. a4 a5 19. Ba3 Bxa3 20. Rxa3 Ne4 21. Nf1 Nc5
22. f4 Rfd8 23. Nd2 Na6 24. Kh2 Nb4 25. Qc3 d4 26. exd4 Qxd4 27. Qxd4 Rxd4 28.
Nf3 Bxf3 29. Bxf3 Nc2 30. Raa1 Nxa1 31. Rxa1 Rcd8 0-1

[Event "29. Erfurter Schachfestival 2019 - Meis"]
[Site "Erfurt"]
[Date "2019.12.29"]
[Round "6.45"]
[White "Schröter, Maik"]
[Black "Falk, Kristoffer"]
[Result "1/2-1/2"]
[WhiteElo "1943"]
[BlackElo "2042"]
[PlyCount "64"]
[EventDate "2019.12.26"]

1. e4 c5 2. Nc3 Nc6 3. Nge2 Nf6 4. g3 d5 5. exd5 Nd4 6. Nxd4 cxd4 7. Bb5+ Bd7
8. Bxd7+ Qxd7 9. Ne2 Qxd5 10. O-O e5 11. d3 Rd8 12. Bg5 Be7 13. c4 Qd7 14. Bxf6
Bxf6 15. f3 O-O 16. b4 Be7 17. Rb1 f5 18. Kg2 Qc6 19. b5 Qh6 20. Rb3 Qe6 21.
Re1 h5 22. Nf4 Qf7 23. Rxe5 Bd6 24. Rd5 Bxf4 25. Rxd8 Rxd8 26. gxf4 Qe7 27. Rb2
Qd6 28. Qe1 Qxf4 29. Re2 Rd6 30. Qg3 Qh6 31. Kf1 Rg6 32. Qh4 Rd6 1/2-1/2

[Event "29. Erfurter Schachfestival 2019 - Meis"]
[Site "Erfurt"]
[Date "2019.12.29"]
[Round "6.46"]
[White "Neubauer, Ralf"]
[Black "Mucha, Annegret"]
[Result "1/2-1/2"]
[WhiteElo "1931"]
[BlackElo "2041"]
[Annotator "Ruether,Rudolf"]
[PlyCount "55"]
[EventDate "2019.12.26"]

1. Nf3 Nf6 2. c4 b6 3. d4 Bb7 4. Nc3 e6 5. a3 Be7 6. e3 O-O 7. Bd3 d5 8. O-O
Nbd7 9. cxd5 exd5 10. Bd2 c5 11. Rc1 Ne4 12. Bb1 Rc8 13. Ne5 Bd6 14. f4 f6 15.
Nxd7 Qxd7 16. Nxe4 dxe4 17. Qb3+ Qf7 18. Ba2 {(=)} Qxb3 19. Bxb3+ Kh8 20. Be6
Rcd8 21. Bc3 Ba6 22. Rfd1 Bd3 23. Kf2 Rde8 24. Bd5 Re7 25. dxc5 Bxc5 26. Bb4
Bxb4 27. axb4 g6 28. Rc6 1/2-1/2

[Event "29. Erfurter Schachfestival 2019 - Meis"]
[Site "Erfurt"]
[Date "2019.12.29"]
[Round "6.47"]
[White "Zech, Andreas"]
[Black "Schulze, Mario"]
[Result "1/2-1/2"]
[WhiteElo "2038"]
[BlackElo "1911"]
[PlyCount "60"]
[EventDate "2019.12.26"]

1. c4 Nf6 2. Nc3 g6 3. g3 d5 4. cxd5 Nxd5 5. Bg2 Nb6 6. Nf3 Bg7 7. a4 a5 8. d3
Nc6 9. Be3 O-O 10. O-O e5 11. Bxb6 cxb6 12. Rc1 Be6 13. Nd2 Bh6 14. Nb5 Rc8 15.
Rc3 Nd4 16. Bxb7 Rxc3 17. Nxc3 Qd7 18. Bg2 Rc8 19. Nde4 Bg7 20. e3 Bb3 21. Qd2
Ne6 22. Qe2 Rd8 23. Nd2 Bxa4 24. Nc4 b5 25. Nb6 Qxd3 26. Qxd3 Rxd3 27. Nbxa4
bxa4 28. Nxa4 Rd2 29. Rc1 Bf8 30. Bf1 Rd7 1/2-1/2